000 00514nam a2200181 4500
001 7209
005 20230410121047.0
008 060907n1995 dr spa
020 _a9803170791
035 _9funglode7273
041 _aES
050 1 4 _aJL 2881 M689 1995
245 0 _aModernidad y polĂ­tica izquierda, individuo y democracia /
_cPaolo Flores D'Arcais... [et al.]
260 _aCaracas :
_bNueva sociedad,
_c1995
300 _a240 p.
700 _aFlores D'Arcais, Paolo
942 _2lcc
_cbk
999 _c57161
_d57161